000 00954nam a22002057a 4500
999 _c15645
_d15645
003 AR-CdUCM
008 190429b ||||| |||| 00| 0 spa d
040 _aMUNICIPALIDAD PROVINCIAL DEL CUSCO
_cBIBLIOTECA MUNICIPAL DEL CUSCO
082 _a574.526 / /
_bG91
110 _aGobierno regional Cusco.
_922459
245 _aGuía de campo del área prioritaria de conservación regional Choquequirao /
260 _aCusco :
_bGobierno regional Cusco,
_c2010.
300 _a392 páginas ;
_c17 cm.
500 _aGerencia regional de recursos naturales y gestión del medio ambiente.
505 _aContenido :Marco conceptual y legal para el manejo de áreas de conservación regional como áreas complementarias al sistema nacional de ANP en el Perú+u -- Aspectos fisiográficos y paisajisticos -- Comunidades bioticas -- Fito diversidad ...
650 _aFlora.
_920658
650 _aFauna.
_925064
942 _2ddc
_cLIBROS
945 _arum1
_d2019-04-29